LEADER 01381nam a2200337 a 4500 001 000000016565 003 CaOOAMICUS 005 20130927121436.0 008 940513s1987 it u000 u ita u 020 $a8831154400 035 $a10387731 040 $aPUL(R)$bita 100 1 $aSchmidt, Stjepan,$cS.I.$0(OLS)http://pul/name/15040 245 10$aAgostino Bea :$bil cardinale dell'unità /$cStjepan Schmidt. 260 $aRoma :$bCittà Nuova,$c1987. 300 $a950 p. ;$c25 cm 500 $aContiene indice. 504 $aBibliografia : p. [889]-936. 600 14$aBea, Augustin,$ccard.,$d1881-1968$xBiografia.$0(OLS)http://pul/subject/11766 611 24$aConcilium Vaticanum$n(2 :$d1962-1965).$0(OLS)http://pul/subject/71 850 $aPUL 852 $aPUL$W1$xSL Filosofia 1$y2$m114 G 47$j23312$nBK-PRI$b $qStampati$B23312$CPULBib$Z2$F23312 $H $81 852 $aPUL$W1$xFondo C.V.II$y119$mBIO 18$j156282$qFondi$B155640$CPULBib$Z2$F155640 $HCVII 121 $82 941 1 $a8 941 1 $a1 960 $aConcilio Vaticano II (1962-1965)$971 961 $aINV: 59579 996 $6020$a8831154400$9(OLS)http://pul/number/21297 996 $6245$aAgostino Bea :$bil cardinale dell'unità$9(OLS)http://pul/title/23637 996 $6260$aRoma :$bCittà Nuova$9(OLS)http://pul/publisher/47927 LEADER 01412nam a2200313 u 4500 001 000000036150 003 CaOOAMICUS 005 20070226112651.0 008 980319s1979 it u000 u ita u 035 $a10786478 040 $aPUL(R)$bita 100 1 $aFerrari, Silvio,$d1947-$0(OLS)http://pul/name/11587 245 10$aIdeologia e dogmatica nel diritto ecclesiastico italiano :$bmanuali e riviste (1929-1979) /$cSilvio Ferrari. 260 $aMilano :$bGiuffrè,$c1979. 300 $a354 p. ;$c24 cm 490 1 $aUniversità di Parma. Pubblicazioni della facoltà di giurisprudenza ;$v44 500 $aContiene indici. 504 $aBibliografia a piè pagina. 650 4$aDiritto ecclesiastico$zItalia.$0(OLS)http://pul/subject/2957 830 0$aPubblicazioni (Università di Parma. Facoltà di giurisprudenza) ;$v44.$0(OLS)http://pul/title/49512 850 $aPUL 852 $aPUL$W1$xSL Diritto Canonico 1$y5$m165 E 14$j49552$nBK-PRI$b $qStampati$B49552$CPULBib$Z2$F49552 $81 852 $aPUL$W1$xDP1 Fondo Ciprotti$y59$m1540 F 61$j49553$nBK-PRI$b $qFondi$B49553$CPULBib$Z2$F49553 $81 941 1 $a8 941 1 $a1 961 $aINV: 47715 961 $aINV: F: Ciprotti 996 $6245$aIdeologia e dogmatica nel diritto ecclesiastico italiano :$bmanuali e riviste (1929-1979)$9(OLS)http://pul/title/49511 996 $6260$aMilano :$bGiuffrè$9(OLS)http://pul/publisher/48401